| Tag |
First Indicator |
Second Indicator |
Subfields |
| LEADER |
00000cam a2200000 a 4500 |
| 001 |
in00002003644 |
| 005 |
20151031131300.0 |
| 008 |
040317s2004 nyua b 001 0 eng |
| 010 |
|
|
|a 2004006080
|
| 020 |
|
|
|a 1591021723 (pbk. : alk. paper)
|
| 035 |
|
|
|a (OCoLC)ocm54817109
|
| 040 |
|
|
|a DLC
|c DLC
|d UtOrBLW
|
| 043 |
|
|
|a e-uk-en
|
| 049 |
|
|
|a TXAM
|
| 050 |
0 |
0 |
|a DA670.L1
|b M34 2004
|
| 082 |
0 |
0 |
|a 942.7/8081
|2 22
|
| 100 |
1 |
|
|a Martineau, Harriet,
|d 1802-1876.
|
| 245 |
1 |
3 |
|a An independent woman's Lake District writings /
|c Harriet Martineau ; compiled, edited, and with an introduction by Michael R. Hill.
|
| 264 |
|
1 |
|a Amherst, N.Y. :
|b Humanity Books,
|c 2004.
|
| 300 |
|
|
|a 504 pages :
|b illustrations ;
|c 22 cm.
|
| 336 |
|
|
|a text
|b txt
|2 rdacontent
|
| 337 |
|
|
|a unmediated
|b n
|2 rdamedia
|
| 338 |
|
|
|a volume
|b nc
|2 rdacarrier
|
| 490 |
1 |
|
|a Classics in women's studies series
|
| 504 |
|
|
|a Includes bibliographical references (pages 471-485) and index.
|
| 651 |
|
0 |
|a Lake District (England)
|x Social life and customs.
|
| 651 |
|
0 |
|a Lake District (England)
|x Social conditions.
|
| 700 |
1 |
|
|a Hill, Michael R.
|
| 830 |
|
0 |
|a Classics in women's studies.
|
| 856 |
4 |
1 |
|3 Table of contents
|u http://www.loc.gov/catdir/toc/ecip0416/2004006080.html
|t 0
|
| 945 |
|
|
|i PromptCat
|
| 948 |
|
|
|a cataloged
|b h
|c 2004/11/9
|d c
|e dmitchel
|f 8:06:42 am
|
| 994 |
|
|
|a 92
|b TXA
|
| 999 |
|
|
|a MARS
|
| 999 |
f |
f |
|s 39139483-0a6b-3065-8165-6394ad1877c5
|i b832506c-0b76-349b-8d88-9491d11e4338
|t 0
|
| 952 |
f |
f |
|p ric
|a Texas A&M University
|b Rellis Campus
|c Joint Library Facility
|d Remote Storage
|t 0
|e DA670.L1 M34 2004
|h Library of Congress classification
|i unmediated -- volume
|m A14831615322
|
| 998 |
f |
f |
|a DA670.L1 M34 2004
|t 0
|l Remote Storage
|